000 01425cam a2200277 i 4500
003 SA-RiAUC
005 20250930125032.0
008 250805q19001999ua g 00010 ara c
040 _aSA-JeALM
_bara
_cSA-RiAUC
_erda
082 0 4 _a255
090 _a255
_bب ر ك
100 1 _aبركة، عبد المنعم أحمد
_eمؤلف.
245 1 0 _aفي أساسيات التشريع الجنائي الإسلامي :
_bالحدود، القصاص، التعزير، العقوبات الشرعية ومقاصد الإسلام، التقادم في الجريمة والعقوبة، بيان المذاهب الإسلامية وأدلتها، عرض للقوانين الجنائية الوضعية ومقارنتها /
_cعبد المنعم أحمد بركة.
264 1 _aالإسكندرية، مصر :
_bمركز الإسكندرية للكتاب،
_c[بين 1900 و1999]
300 _a170 صفحة ؛
_c24 سم
336 _aنص
_btxt
_2rdacontent
_3كتاب
337 _aبدون وسيط
_bn
_2rdamedia
338 _aمجلد
_bnc
_2rdacarrier
650 7 _aالجنايات (فقه إسلامي)
_2aucsh
650 7 _aالحدود (شريعة إسلامية)
_2aucsh
650 7 _aالقصاص (فقه إسلامي)
_2aucsh
650 7 _aالتعزير (فقه إسلامي)
_2aucsh
650 7 _aالعقوبات (فقه إسلامي)
_2aucsh
942 _2ddc
_cBOOK
_n0
949 _aSA-JeALM
_d250805
_uosman123
_n1
999 _c12248
_d12248